| 000 | 00452nam a22001817a 4500 | ||
|---|---|---|---|
| 003 | OSt | ||
| 005 | 20180116183057.0 | ||
| 008 | 161021b xxu||||| |||| 00| 0 eng d | ||
| 020 | _a9780450057694 | ||
| 040 | _c0 | ||
| 082 | _a813.54 SEM 1988 | ||
| 100 | _aPet Sematary | ||
| 245 |
_aStephen KING _cStephen KING |
||
| 260 |
_aGreat Britain _bnei New English Library _c1988 |
||
| 300 |
_a465 p. _bPB |
||
| 440 | _aStephen KING | ||
| 942 |
_2ddc _cBK |
||
| 999 |
_c351857 _d351857 |
||